书目信息 |
| 题名: |
辉煌40载
|
|
| 作者: | 陈传忠 主编 ;生态环境部 , 中国环境监测总站 编著 | |
| 分册: | ||
| 出版信息: | 北京 中国环境出版集团 2018.12 |
|
| 页数: | 208页 | |
| 开本: | 26cm | |
| 丛书名: | ||
| 单 册: | ||
| 中图分类: | X83 | |
| 科图分类: | ||
| 主题词: | 环境监测--huan jing jian ce--成就--中国 | |
| 电子资源: | ||
| ISBN: | 978-7-5111-3884-2 | |
| 000 | 01194nam0 2200277 450 | |
| 001 | 0100010826 | |
| 005 | 20190905093952.0 | |
| 010 | @a978-7-5111-3884-2@dCNY48.00 | |
| 100 | @a20190904d2018 em y0chiy50 ea | |
| 101 | 0 | @achi |
| 102 | @aCN@b110000 | |
| 105 | @aak z 000yy | |
| 106 | @ar | |
| 200 | 1 | @a辉煌40载@Ahui huang 40 zai@e中国环境监测成就与展望@f生态环境部生态环境监测司, 中国环境监测总站编著 |
| 210 | @a北京@c中国环境出版集团@d2018.12 | |
| 215 | @a208页@c图@d26cm | |
| 314 | @a书内题: 陈传忠主编 | |
| 330 | @a本书叙述了四十年来监测事业的方方面面。内容包括: 发展历程 ; 中国环境监测机构与队伍 ; 中国环境监测网络现状 ; 环境监测业务体系 ; 环境监测技术体系 ; 环境监测法规制度 ; 生态环境监测系统党的建设与行风建设等。 | |
| 517 | 1 | @a中国环境监测成就与展望@Azhong guo huan jing jian ce cheng jiu yu zhan wang |
| 606 | 0 | @a环境监测@Ahuan jing jian ce@x成就@y中国 |
| 690 | @aX83@v5 | |
| 701 | 0 | @a陈传忠@Achen chuan zhong@4主编 |
| 712 | 02 | @a生态环境部@Asheng tai huan jing bu@b生态环境监测司@Bsheng tai huan jing jian ce si@4编著 |
| 712 | 02 | @a中国环境监测总站@Azhong guo huan jing jian ce zong zhan@4编著 |
| 801 | 0 | @aCN@c20190905 |
| 905 | @a河南城建学院图书馆@dX83@eC389 | |
| 辉煌40载:中国环境监测成就与展望/生态环境部生态环境监测司, 中国环境监测总站编著.-北京:中国环境出版集团,2018.12 |
| 208页:图;26cm |
| ISBN 978-7-5111-3884-2:CNY48.00 |
| 本书叙述了四十年来监测事业的方方面面。内容包括: 发展历程 ; 中国环境监测机构与队伍 ; 中国环境监测网络现状 ; 环境监测业务体系 ; 环境监测技术体系 ; 环境监测法规制度 ; 生态环境监测系统党的建设与行风建设等。 |
| ● |
| 相关链接 |
|
|
|
正题名:辉煌40载
索取号:X83/C389
 
预约/预借
| 序号 | 登录号 | 条形码 | 馆藏地/架位号 | 状态 | 备注 |
| 1 | 1438955 | 214389552 | 自科库501/501自科库 114排2列2层/ [索取号:X83/C389] | 在馆 | |
| 2 | 1438956 | 214389561 | 自科库501/501自科库 114排2列3层/ [索取号:X83/C389] | 在馆 |